Представление документа в формате MARC21

ПолеНазваниеЗначение
  Тип записи a
  Библиографический уровень m
001 Контрольный номер RU/URAIT/585921
005 Дата корректировки 20260429163559.6
008 Кодируемые данные 260429s2026 RU y f j 000 0 rus u
020 Индекс ISBN __
a ISBN 978-5-534-07169-6
c Цена, тираж 2309.00
040 Источник каталогиз. __
a Служба первич. каталог. ИКО Юрайт
c Служба, преобразующая запись ИКО Юрайт
e Правила каталог. RCR
041 Код языка издания __
a Код языка текста rus
044 Код страны публикации __
a Код страны публикации RU
080 Индекс УДК __
a Индекс УДК 687.016(075.8)
084 Индекс другой классификации/Индекс ББК __
2 Источник индекса rubbk
a Индекс другой классификации/Индекс ББК 37.24-2я73
100 Автор __
a Автор Ермилова В. В.
q Полное имя Ермилова Валерия Васильевна
245 Заглавие __
a Заглавие Композиция костюма
b Продолж. заглавия учебник для вузов
c Ответственность В. В. Ермилова, Д. Ю. Ермилова, Н. Б. Ляхова, С. А. Попов.
250 Сведения об издании __
g испр. и доп
a Основные сведения об издании 3-е изд.
256 Характеристики компьютерного файла __
a Характеристики компьютерного файла Электрон. дан.
260 Выходные данные __
a Место издания Москва
b Издательство Юрайт
c Дата издания 2026
300 Физическое описание __
a Объем 449 с
440 Серия __
a Серия Высшее образование
500 Примечания __
a Примечание URL: https://urait.ru/bcode/585921 (дата обращения: 29.04.2026).
520 Аннотация __
a Аннотация В учебном пособии изложены сведения о композиции костюма, принципы моделирования и художественного оформления одежды, включая изделия из трикотажа, обувь и аксессуары. Рассмотрены теоретические основы композиции, этапы творческого процесса, методы и специфика художественного проектирования костюма как объекта дизайна.
538 Прим. о системных особенностях __
a Прим. о системных особенностях Режим доступа: Электронно-библиотечная система Юрайт, для авториз. пользователей
653 Ключевые слова __
a Ключевые слова Легкая промышленность
653 Ключевые слова __
a Ключевые слова Технические науки
653 Ключевые слова __
a Ключевые слова Композиция костюма
653 Ключевые слова __
a Ключевые слова Композиция сценического костюма
653 Ключевые слова __
a Ключевые слова Костюмы народов мира
653 Ключевые слова __
a Ключевые слова Костюмы народов России
653 Ключевые слова __
a Ключевые слова Мода и стиль
653 Ключевые слова __
a Ключевые слова Специальное проектирование. Мода
653 Ключевые слова __
a Ключевые слова Дизайн костюма
653 Ключевые слова __
a Ключевые слова Основы производственного мастерства в дизайне костюма
653 Ключевые слова __
a Ключевые слова Основы теории и методологии дизайн-проектирования костюма
653 Ключевые слова __
a Ключевые слова Моделирование и художественное оформление одежды
653 Ключевые слова __
a Ключевые слова Альтернативные приемы формообразования в дизайне костюма
653 Ключевые слова __
a Ключевые слова Проектирование в материале (костюм)
653 Ключевые слова __
a Ключевые слова Проектирование в материале (трикотаж)
653 Ключевые слова __
a Ключевые слова Компьютерные технологии в художественном проектировании одежды
653 Ключевые слова __
a Ключевые слова Макетирование одежды
653 Ключевые слова __
a Ключевые слова Художественное оформление одежды
653 Ключевые слова __
a Ключевые слова Индивидуальный стиль в одежде
653 Ключевые слова __
a Ключевые слова Проектирование головных уборов
653 Ключевые слова __
a Ключевые слова Инновационное предпринимательство в дизайне костюма
653 Ключевые слова __
a Ключевые слова Художественная графика костюма
653 Ключевые слова __
a Ключевые слова Дизайн одежды
653 Ключевые слова __
a Ключевые слова Художественное проектирование аксессуаров
653 Ключевые слова __
a Ключевые слова Компьютерное проектирование в дизайне одежды
653 Ключевые слова __
a Ключевые слова Конструктивное моделирование и макетирование одежды
653 Ключевые слова __
a Ключевые слова Методы и средства исследований в дизайне одежды
653 Ключевые слова __
a Ключевые слова Методы создания и продвижения промышленных коллекций одежды
653 Ключевые слова __
a Ключевые слова Основы организации собственного дела в индустрии моды
653 Ключевые слова __
a Ключевые слова Основы экспериментальных исследований в дизайне одежды
653 Ключевые слова __
a Ключевые слова Разработка коллекций моделей одежды
653 Ключевые слова __
a Ключевые слова Рисунок и графика костюма
653 Ключевые слова __
a Ключевые слова Инновационные технологии в дизайне костюма
653 Ключевые слова __
a Ключевые слова Макетирование в дизайне костюма
653 Ключевые слова __
a Ключевые слова Направления и стили в дизайне костюма
653 Ключевые слова __
a Ключевые слова Декоративная отделка одежды и аксессуары
653 Ключевые слова __
a Ключевые слова Проектная графика костюма
653 Ключевые слова __
a Ключевые слова САПР в художественном проектировании костюма
653 Ключевые слова __
a Ключевые слова Дизайн-проект сложных форм одежды
653 Ключевые слова __
a Ключевые слова Дизайн-проектирование в индустрии моды
653 Ключевые слова __
a Ключевые слова Информационные технологии в индустрии моды
653 Ключевые слова __
a Ключевые слова Основы композиции костюма и эскизной графики
653 Ключевые слова __
a Ключевые слова Психологические аспекты моды
653 Ключевые слова __
a Ключевые слова Современный дизайн костюма
653 Ключевые слова __
a Ключевые слова Инновационные методы проектирования одежды
653 Ключевые слова __
a Ключевые слова Основы композиции костюма
653 Ключевые слова __
a Ключевые слова Основы художественного проектирования и технологии изготовления аксессуаров для одежды
653 Ключевые слова __
a Ключевые слова Психология и социология костюма
653 Ключевые слова __
a Ключевые слова Моделирование и дизайн одежды
653 Ключевые слова __
a Ключевые слова Проектирование головных уборов и аксессуаров
653 Ключевые слова __
a Ключевые слова Макетирование одежды сложных форм
653 Ключевые слова __
a Ключевые слова Проектная графика в дизайне костюма
653 Ключевые слова __
a Ключевые слова Технический рисунок в дизайне костюма
653 Ключевые слова __
a Ключевые слова Дизайн аксессуаров
653 Ключевые слова __
a Ключевые слова Дизайн имиджа
653 Ключевые слова __
a Ключевые слова Концепция моды и дизайн одежды
653 Ключевые слова __
a Ключевые слова Композиция в дизайне костюма
653 Ключевые слова __
a Ключевые слова Формообразование в дизайне костюма
653 Ключевые слова __
a Ключевые слова Дизайн в системе Corel Draw
653 Ключевые слова __
a Ключевые слова Художественный трикотаж
653 Ключевые слова __
a Ключевые слова Графика костюма
653 Ключевые слова __
a Ключевые слова Конструирование с учетом перспективного направления моды
653 Ключевые слова __
a Ключевые слова Основы дизайна одежды
653 Ключевые слова __
a Ключевые слова Особенности конструирования одежды из трикотажа
653 Ключевые слова __
a Ключевые слова Проектирование обуви для индивидуального потребителя
653 Ключевые слова __
a Ключевые слова Проектирование костюма
653 Ключевые слова __
a Ключевые слова Имидж-дизайн
653 Ключевые слова __
a Ключевые слова Композиция и макетирование в дизайне
653 Ключевые слова __
a Ключевые слова Проектирование зданий и многофункциональных комплексов
653 Ключевые слова __
a Ключевые слова Конструирование в дизайне костюма
653 Ключевые слова __
a Ключевые слова Основы теории и методологии проектирования в дизайне костюма
653 Ключевые слова __
a Ключевые слова Инновационные технологии аксессуаров костюма
653 Ключевые слова __
a Ключевые слова Информационные технологии в дизайне моды
653 Ключевые слова __
a Ключевые слова История и методология социологических исследований в индустрии моды
653 Ключевые слова __
a Ключевые слова История стилей в костюме и моде
653 Ключевые слова __
a Ключевые слова Компьютерное конструирование аксессуаров костюма
653 Ключевые слова __
a Ключевые слова Компьютерное проектирование в дизайне аксессуаров
653 Ключевые слова __
a Ключевые слова Компьютерное проектирование в дизайне костюма
653 Ключевые слова __
a Ключевые слова Компьютерный дизайн одежды
653 Ключевые слова __
a Ключевые слова Конструирование костюма и аксессуаров
653 Ключевые слова __
a Ключевые слова Конструктивное моделирование аксессуаров костюма
653 Ключевые слова __
a Ключевые слова Креативное проектирование головных уборов
653 Ключевые слова __
a Ключевые слова Макетирование костюмов
653 Ключевые слова __
a Ключевые слова Материаловедение в дизайне костюма аксессуаров
653 Ключевые слова __
a Ключевые слова Материаловедение в дизайне костюма и аксессуаров
653 Ключевые слова __
a Ключевые слова Новые материалы и конструкции в аксессуарах костюма
653 Ключевые слова __
a Ключевые слова Новые методы конструирования костюма и аксессуаров
653 Ключевые слова __
a Ключевые слова Основы композиции в дизайне аксессуаров
653 Ключевые слова __
a Ключевые слова Основы композиции в дизайне костюма
653 Ключевые слова __
a Ключевые слова Основы композиции в дизайне костюма и аксессуаров
653 Ключевые слова __
a Ключевые слова Основы теории и методологии проектирования костюма и аксессуаров
653 Ключевые слова __
a Ключевые слова Проектирование авторских коллекций аксессуаров костюма в материале
653 Ключевые слова __
a Ключевые слова Проектирование аксессуаров
653 Ключевые слова __
a Ключевые слова Проектирование костюма и аксессуаров
653 Ключевые слова __
a Ключевые слова Проектирование обуви сложных конструкций
653 Ключевые слова __
a Ключевые слова Рекламная графика аксессуаров костюма
653 Ключевые слова __
a Ключевые слова Рекламная графика костюма
653 Ключевые слова __
a Ключевые слова Современные методики проектирования обуви
653 Ключевые слова __
a Ключевые слова Современные мультимедийные технологии в сфере моды
653 Ключевые слова __
a Ключевые слова Современные технологии художественного проектирования тканей для костюма
653 Ключевые слова __
a Ключевые слова Современные технологические приемы в изготовлении аксессуаров костюма
653 Ключевые слова __
a Ключевые слова Техническая графика аксессуаров костюма
653 Ключевые слова __
a Ключевые слова Техническая графика костюма
653 Ключевые слова __
a Ключевые слова Технология изготовления костюма и аксессуаров
653 Ключевые слова __
a Ключевые слова Технология изготовления меховых уборов
653 Ключевые слова __
a Ключевые слова Технология изготовления обуви специального назначения
653 Ключевые слова __
a Ключевые слова Художественное проектирование головных уборов
653 Ключевые слова __
a Ключевые слова Художественное проектирование детской одежды
653 Ключевые слова __
a Ключевые слова Художественное проектирование спортивной одежды и изделий из трикотажа
653 Ключевые слова __
a Ключевые слова Художественное проектирование трикотажных изделий
653 Ключевые слова __
a Ключевые слова Эскизирование костюма
653 Ключевые слова __
a Ключевые слова Методы проектирования костюма
653 Ключевые слова __
a Ключевые слова Основы технологии изделий индустрии моды
653 Ключевые слова __
a Ключевые слова Проектирование малых предприятий индустрии моды
653 Ключевые слова __
a Ключевые слова Художественное формообразование в одежде
653 Ключевые слова __
a Ключевые слова Автоматизированное проектирование в дизайне костюма
653 Ключевые слова __
a Ключевые слова Авторский трикотаж в дизайне
653 Ключевые слова __
a Ключевые слова Дизайн модных аксессуаров
653 Ключевые слова __
a Ключевые слова Дизайн трикотажных изделий
653 Ключевые слова __
a Ключевые слова Инновационные материалы в дизайне костюма
653 Ключевые слова __
a Ключевые слова Искусство костюма
653 Ключевые слова __
a Ключевые слова Конструктивное моделирование обуви и аксессуаров
653 Ключевые слова __
a Ключевые слова Мода и художественное оформление трикотажа
653 Ключевые слова __
a Ключевые слова Народное искусство и костюм
653 Ключевые слова __
a Ключевые слова Основы рисования и композиции костюма
653 Ключевые слова __
a Ключевые слова Основы рисования костюма
653 Ключевые слова __
a Ключевые слова Презентация курсовых и дипломных проектов в дизайне костюма
653 Ключевые слова __
a Ключевые слова Проектирование обуви различных конструкций
653 Ключевые слова __
a Ключевые слова Современные технологии в дизайне трикотажа
653 Ключевые слова __
a Ключевые слова Специальные технологии в дизайне костюма
653 Ключевые слова __
a Ключевые слова Строение и проектирование трикотажа
653 Ключевые слова __
a Ключевые слова Трикотаж в дизайне
653 Ключевые слова __
a Ключевые слова Художественное проектирование декоративных аксессуаров
653 Ключевые слова __
a Ключевые слова Художественное проектирование трикотажа
653 Ключевые слова __
a Ключевые слова Основы моделирования и макетирования костюма
653 Ключевые слова __
a Ключевые слова Растровая графика в дизайне
653 Ключевые слова __
a Ключевые слова Рисунок и основы композиции костюма
653 Ключевые слова __
a Ключевые слова Методы проектирования и производства промышленных систем моделей одежды
653 Ключевые слова __
a Ключевые слова Основы методологии дизайн-проектирования костюма
700 Другие авторы __
a Другие авторы Ермилова Д. Ю.
q Полное имя Ермилова Дарья Юрьевна
700 Другие авторы __
a Другие авторы Ляхова Н. Б.
q Полное имя Ляхова Надежда Борисовна
700 Другие авторы __
a Другие авторы Попов С. А.
q Полное имя Попов Степан Александрович
856 Электронный адрес документа 40
n Местонахождение сервера Юрайт
g Электронная книга
q Тип электронного формата html
h Имя пользователя ЮРАЙТ
v Часы доступа к ресурсу 20271231
2 Способ доступа Показать документ
x Служебное примечание https://urait.ru/book/cover/0992B7D9-9E35-47BB-8192-D7F22A2FB0F5
u URL https://urait.ru/bcode/585921
856 Электронный адрес документа 48
q Тип электронного формата cover
u URL https://urait.ru/book/cover/0992B7D9-9E35-47BB-8192-D7F22A2FB0F5
911 __
u 0030=https://urait.ru/bcode/585921
911 __
u 073a=9785534071696
u 073d=2309.00
911 __
u 106a=s
911 __
u 900l=
952 Тип литературы __
i Дисциплина Композиция костюма
952 Тип литературы __
i Дисциплина Композиция сценического костюма
952 Тип литературы __
i Дисциплина Костюмы народов мира
952 Тип литературы __
i Дисциплина Костюмы народов России
952 Тип литературы __
i Дисциплина Мода и стиль
952 Тип литературы __
i Дисциплина Специальное проектирование. Мода
952 Тип литературы __
i Дисциплина Дизайн костюма
952 Тип литературы __
i Дисциплина Основы производственного мастерства в дизайне костюма
952 Тип литературы __
i Дисциплина Основы теории и методологии дизайн-проектирования костюма
952 Тип литературы __
i Дисциплина Моделирование и художественное оформление одежды
952 Тип литературы __
i Дисциплина Альтернативные приемы формообразования в дизайне костюма
952 Тип литературы __
i Дисциплина Проектирование в материале (костюм)
952 Тип литературы __
i Дисциплина Проектирование в материале (трикотаж)
952 Тип литературы __
i Дисциплина Компьютерные технологии в художественном проектировании одежды
952 Тип литературы __
i Дисциплина Макетирование одежды
952 Тип литературы __
i Дисциплина Художественное оформление одежды
952 Тип литературы __
i Дисциплина Индивидуальный стиль в одежде
952 Тип литературы __
i Дисциплина Проектирование головных уборов
952 Тип литературы __
i Дисциплина Инновационное предпринимательство в дизайне костюма
952 Тип литературы __
i Дисциплина Художественная графика костюма
952 Тип литературы __
i Дисциплина Дизайн одежды
952 Тип литературы __
i Дисциплина Художественное проектирование аксессуаров
952 Тип литературы __
i Дисциплина Компьютерное проектирование в дизайне одежды
952 Тип литературы __
i Дисциплина Конструктивное моделирование и макетирование одежды
952 Тип литературы __
i Дисциплина Методы и средства исследований в дизайне одежды
952 Тип литературы __
i Дисциплина Методы создания и продвижения промышленных коллекций одежды
952 Тип литературы __
i Дисциплина Основы организации собственного дела в индустрии моды
952 Тип литературы __
i Дисциплина Основы экспериментальных исследований в дизайне одежды
952 Тип литературы __
i Дисциплина Разработка коллекций моделей одежды
952 Тип литературы __
i Дисциплина Рисунок и графика костюма
952 Тип литературы __
i Дисциплина Инновационные технологии в дизайне костюма
952 Тип литературы __
i Дисциплина Макетирование в дизайне костюма
952 Тип литературы __
i Дисциплина Направления и стили в дизайне костюма
952 Тип литературы __
i Дисциплина Декоративная отделка одежды и аксессуары
952 Тип литературы __
i Дисциплина Проектная графика костюма
952 Тип литературы __
i Дисциплина САПР в художественном проектировании костюма
952 Тип литературы __
i Дисциплина Дизайн-проект сложных форм одежды
952 Тип литературы __
i Дисциплина Дизайн-проектирование в индустрии моды
952 Тип литературы __
i Дисциплина Информационные технологии в индустрии моды
952 Тип литературы __
i Дисциплина Основы композиции костюма и эскизной графики
952 Тип литературы __
i Дисциплина Психологические аспекты моды
952 Тип литературы __
i Дисциплина Современный дизайн костюма
952 Тип литературы __
i Дисциплина Инновационные методы проектирования одежды
952 Тип литературы __
i Дисциплина Основы композиции костюма
952 Тип литературы __
i Дисциплина Основы художественного проектирования и технологии изготовления аксессуаров для одежды
952 Тип литературы __
i Дисциплина Психология и социология костюма
952 Тип литературы __
i Дисциплина Моделирование и дизайн одежды
952 Тип литературы __
i Дисциплина Проектирование головных уборов и аксессуаров
952 Тип литературы __
i Дисциплина Макетирование одежды сложных форм
952 Тип литературы __
i Дисциплина Проектная графика в дизайне костюма
952 Тип литературы __
i Дисциплина Технический рисунок в дизайне костюма
952 Тип литературы __
i Дисциплина Дизайн аксессуаров
952 Тип литературы __
i Дисциплина Дизайн имиджа
952 Тип литературы __
i Дисциплина Концепция моды и дизайн одежды
952 Тип литературы __
i Дисциплина Композиция в дизайне костюма
952 Тип литературы __
i Дисциплина Формообразование в дизайне костюма
952 Тип литературы __
i Дисциплина Дизайн в системе Corel Draw
952 Тип литературы __
i Дисциплина Художественный трикотаж
952 Тип литературы __
i Дисциплина Графика костюма
952 Тип литературы __
i Дисциплина Конструирование с учетом перспективного направления моды
952 Тип литературы __
i Дисциплина Основы дизайна одежды
952 Тип литературы __
i Дисциплина Особенности конструирования одежды из трикотажа
952 Тип литературы __
i Дисциплина Проектирование обуви для индивидуального потребителя
952 Тип литературы __
i Дисциплина Проектирование костюма
952 Тип литературы __
i Дисциплина Имидж-дизайн
952 Тип литературы __
i Дисциплина Композиция и макетирование в дизайне
952 Тип литературы __
i Дисциплина Проектирование зданий и многофункциональных комплексов
952 Тип литературы __
i Дисциплина Конструирование в дизайне костюма
952 Тип литературы __
i Дисциплина Основы теории и методологии проектирования в дизайне костюма
952 Тип литературы __
i Дисциплина Инновационные технологии аксессуаров костюма
952 Тип литературы __
i Дисциплина Информационные технологии в дизайне моды
952 Тип литературы __
i Дисциплина История и методология социологических исследований в индустрии моды
952 Тип литературы __
i Дисциплина История стилей в костюме и моде
952 Тип литературы __
i Дисциплина Компьютерное конструирование аксессуаров костюма
952 Тип литературы __
i Дисциплина Компьютерное проектирование в дизайне аксессуаров
952 Тип литературы __
i Дисциплина Компьютерное проектирование в дизайне костюма
952 Тип литературы __
i Дисциплина Компьютерный дизайн одежды
952 Тип литературы __
i Дисциплина Конструирование костюма и аксессуаров
952 Тип литературы __
i Дисциплина Конструктивное моделирование аксессуаров костюма
952 Тип литературы __
i Дисциплина Креативное проектирование головных уборов
952 Тип литературы __
i Дисциплина Макетирование костюмов
952 Тип литературы __
i Дисциплина Материаловедение в дизайне костюма аксессуаров
952 Тип литературы __
i Дисциплина Материаловедение в дизайне костюма и аксессуаров
952 Тип литературы __
i Дисциплина Новые материалы и конструкции в аксессуарах костюма
952 Тип литературы __
i Дисциплина Новые методы конструирования костюма и аксессуаров
952 Тип литературы __
i Дисциплина Основы композиции в дизайне аксессуаров
952 Тип литературы __
i Дисциплина Основы композиции в дизайне костюма
952 Тип литературы __
i Дисциплина Основы композиции в дизайне костюма и аксессуаров
952 Тип литературы __
i Дисциплина Основы теории и методологии проектирования костюма и аксессуаров
952 Тип литературы __
i Дисциплина Проектирование авторских коллекций аксессуаров костюма в материале
952 Тип литературы __
i Дисциплина Проектирование аксессуаров
952 Тип литературы __
i Дисциплина Проектирование костюма и аксессуаров
952 Тип литературы __
i Дисциплина Проектирование обуви сложных конструкций
952 Тип литературы __
i Дисциплина Рекламная графика аксессуаров костюма
952 Тип литературы __
i Дисциплина Рекламная графика костюма
952 Тип литературы __
i Дисциплина Современные методики проектирования обуви
952 Тип литературы __
i Дисциплина Современные мультимедийные технологии в сфере моды
952 Тип литературы __
i Дисциплина Современные технологии художественного проектирования тканей для костюма
952 Тип литературы __
i Дисциплина Современные технологические приемы в изготовлении аксессуаров костюма
952 Тип литературы __
i Дисциплина Техническая графика аксессуаров костюма
952 Тип литературы __
i Дисциплина Техническая графика костюма
952 Тип литературы __
i Дисциплина Технология изготовления костюма и аксессуаров
952 Тип литературы __
i Дисциплина Технология изготовления меховых уборов
952 Тип литературы __
i Дисциплина Технология изготовления обуви специального назначения
952 Тип литературы __
i Дисциплина Художественное проектирование головных уборов
952 Тип литературы __
i Дисциплина Художественное проектирование детской одежды
952 Тип литературы __
i Дисциплина Художественное проектирование спортивной одежды и изделий из трикотажа
952 Тип литературы __
i Дисциплина Художественное проектирование трикотажных изделий
952 Тип литературы __
i Дисциплина Эскизирование костюма
952 Тип литературы __
i Дисциплина Методы проектирования костюма
952 Тип литературы __
i Дисциплина Основы технологии изделий индустрии моды
952 Тип литературы __
i Дисциплина Проектирование малых предприятий индустрии моды
952 Тип литературы __
i Дисциплина Художественное формообразование в одежде
952 Тип литературы __
i Дисциплина Автоматизированное проектирование в дизайне костюма
952 Тип литературы __
i Дисциплина Авторский трикотаж в дизайне
952 Тип литературы __
i Дисциплина Дизайн модных аксессуаров
952 Тип литературы __
i Дисциплина Дизайн трикотажных изделий
952 Тип литературы __
i Дисциплина Инновационные материалы в дизайне костюма
952 Тип литературы __
i Дисциплина Искусство костюма
952 Тип литературы __
i Дисциплина Конструктивное моделирование обуви и аксессуаров
952 Тип литературы __
i Дисциплина Мода и художественное оформление трикотажа
952 Тип литературы __
i Дисциплина Народное искусство и костюм
952 Тип литературы __
i Дисциплина Основы рисования и композиции костюма
952 Тип литературы __
i Дисциплина Основы рисования костюма
952 Тип литературы __
i Дисциплина Презентация курсовых и дипломных проектов в дизайне костюма
952 Тип литературы __
i Дисциплина Проектирование обуви различных конструкций
952 Тип литературы __
i Дисциплина Современные технологии в дизайне трикотажа
952 Тип литературы __
i Дисциплина Специальные технологии в дизайне костюма
952 Тип литературы __
i Дисциплина Строение и проектирование трикотажа
952 Тип литературы __
i Дисциплина Трикотаж в дизайне
952 Тип литературы __
i Дисциплина Художественное проектирование декоративных аксессуаров
952 Тип литературы __
i Дисциплина Художественное проектирование трикотажа
952 Тип литературы __
i Дисциплина Основы моделирования и макетирования костюма
952 Тип литературы __
i Дисциплина Растровая графика в дизайне
952 Тип литературы __
i Дисциплина Рисунок и основы композиции костюма
952 Тип литературы __
i Дисциплина Методы проектирования и производства промышленных систем моделей одежды
952 Тип литературы __
i Дисциплина Основы методологии дизайн-проектирования костюма